Central Library OPAC University of Rajshahi

The Cambridge history of American literature / (Record no. 62553)

MARC details
000 -LEADER
fixed length control field 01072nam a2200289 a 4500
001 - CONTROL NUMBER
control field 62553
003 - CONTROL NUMBER IDENTIFIER
rucl marc code BD-RjUL
005 - DATE AND TIME OF LATEST TRANSACTION
control field 20211209081110.0
008 - FIXED-LENGTH DATA ELEMENTS--GENERAL INFORMATION
fixed length control field 170124s1945 enk 001 0 eng
035 ## - SYSTEM CONTROL NUMBER
System control number (BD-RjUL)62679
040 ## - CATALOGING SOURCE
Original cataloging agency DLC
Transcribing agency MNS
Modifying agency PPiU
-- BD-RjUL
Language of cataloging eng
041 ## - LANGUAGE CODE
Language code of text/sound track or separate title eng
082 ## - DEWEY DECIMAL CLASSIFICATION NUMBER
Classification number 810.9
Edition number 23
Author mark and year CAM 1945
245 14 - TITLE STATEMENT
Title The Cambridge history of American literature /
Statement of responsibility, etc. edited by William Peterfield Trent ; John Erskine ; Stuart P. Sherman ; Carl Van Doren.
260 ## - PUBLICATION, DISTRIBUTION, ETC. (IMPRINT)
Place of publication, distribution, etc. New York :
Name of publisher, distributor, etc. Macmillan,
Date of publication, distribution, etc. 1917-1945
300 ## - PHYSICAL DESCRIPTION
Pagination V. ;
Size 24 cm.
500 ## - GENERAL NOTE
General note Include index
505 0# - FORMATTED CONTENTS NOTE
Formatted contents note Vol. 3 Colonial and revolutionary literature. Early national literature: pt. I.
650 #0 - SUBJECT ADDED ENTRY--TOPICAL TERM
Topical term or geographic name as entry element American literature
General subdivision History and criticism.
9 (RLIN) 185062
Topical term or geographic name as entry element American literature
Form subdivision Bibliography.
9 (RLIN) 185972
700 1# - ADDED ENTRY--PERSONAL NAME
Personal name Trent, William Peterfield,
Dates associated with a name 1862-1939.
Personal name Erskine, John,
Dates associated with a name 1879-1951.
Personal name Sherman, Stuart Pratt,
Dates associated with a name 1881-1926.
Personal name Van Doren, Carl,
Dates associated with a name 1885-1950.
942 ## - ADDED ENTRY ELEMENTS (KOHA)
Source of classification or shelving scheme Dewey Decimal Classification
Koha item type Books
Holdings
Lost status Source of classification or shelving scheme Damaged status Not for loan Collection code Permanent Location Current Location Shelving location Date acquired Source of acquisition Total Checkouts Full call number Date last seen Copy number Koha item type
  Dewey Decimal Classification   Not For Loan Non-fiction Central Library, University of Rajshahi Central Library, University of Rajshahi Reading Room 22/02/1955 U.S.Govt.   810.9 CAM V-3 1945 24/01/2017 C-1 Books